[Event "Tourn. n9574"]
[Site "www.chess-mail.com"]
[Date "2017.11.15"]
[Round "1"]
[White "Luban"]
[Black "Norlavuaram"]
[WhiteElo "2130"]
[BlackElo "2140"]
[Result "1/2-1/2"]
[Round "1"]
1.d4 Ng8f6
2.c4 c5
3.e3 cxd4
4.exd4 d5
5.Bc1e3 e6
6.a3 Bf8e7
7.Ng1f3 O-O
8.Nb1c3 Nb8c6
9.h3 Bc8d7
10.Bf1d3 Ra8c8
11.cxd5 Nf6xd5
12.Nc3xd5 exd5
13.O-O Be7f6
14.Ra1c1 Rf8e8
15.b4 a6
16.Qd1d2 Qd8b6
17.Rf1d1 g6
18.Nf3e5 Bd7e6
19.Ne5xc6 Rc8xc6
20.Rc1xc6 Qb6xc6
21.Rd1c1 Qc6d7
22.Qd2c2 Re8c8
23.Qc2xc8 Qd7xc8
24.Rc1xc8 Be6xc8
25.Kf1 Kf8
{ draw }
1/2-1/2

[Event "Tourn. n9569"]
[Site "www.chess-mail.com"]
[Date "2017.11.15"]
[Round "1"]
[White "Jazzy"]
[Black "Tonino1"]
[WhiteElo "2230"]
[BlackElo "2310"]
[Result "1-0"]
[Round "1"]
1.d4 Ng8f6
2.c4 g6
3.Ng1f3 Bf8g7
4.Nb1c3 O-O
5.e4 d6
6.Bf1e2 c6
7.O-O Qd8c7
8.Bc1d2 e5
9.d5 c5
10.Qd1c1 Rf8e8
11.Rf1e1 Nb8d7
12.Qc1c2 a6
13.a4 h6
14.b3 Nd7f8
15.Ra1b1 Nf8h7
16.Rb1b2 Nf6h5
17.b4 f5
18.Re1b1 fxe4
19.Nc3xe4 Nh5f4
20.Bd2xf4 exf4
21.Rb2b3 Bc8f5
22.Be2d3 Ra8b8
23.Ne4d2 Bf5xd3
24.Qc2xd3 Qc7f7
25.bxc5 dxc5
26.Rb3b6 g5
27.Nd2e4 Qf7e7
28.Nf3d2 Nh7f6
29.d6 Qe7f7
30.Ne4xf6 Bg7xf6
31.Nd2e4 Bf6d4
32.d7 Re8d8
33.Rb6xb7 Rb8xb7
34.Rb1xb7 Kg7
35.Ne4d6 Qf7f6
36.Nd6e8  { time }
1-0

[Event "Tourn. n9592"]
[Site "www.chess-mail.com"]
[Date "2017.11.15"]
[Round "1"]
[White "Sbb"]
[Black "Coolant"]
[WhiteElo "2540"]
[BlackElo "2370"]
[Result "1-0"]
[Round "1"]
1.d4 Ng8f6
2.c4 e5
3.dxe5 Nf6g4
4.Bc1f4 g5
5.Bf4g3 Nb8c6
6.Ng1f3 Bf8g7
7.Nb1c3 Ng4xe5
8.Nf3xe5 Nc6xe5
9.e3 h5
10.h4 g4
11.Qd1c2 d6
12.O-O-O b6
13.f4 gxf3
14.gxf3 Bc8b7
15.Nc3d5 c6
16.Nd5c3 Qd8e7
17.Qc2a4 O-O
18.Qa4c2 f5
19.Bg3f4 Ne5xf3
20.Rd1xd6 Bg7e5
21.Qc2g2 Nf3g5
22.Bf4xe5 { resign }
1-0

[Event "Tourn. n9621"]
[Site "www.chess-mail.com"]
[Date "2017.11.15"]
[Round "1"]
[White "Prize64"]
[Black "Bojan"]
[WhiteElo "2070"]
[BlackElo "2000"]
[Result "1-0"]
[Round "1"]
1.e4 e5
2.Ng1f3 d6
3.d4 exd4
4.Nf3xd4 Bc8d7
5.c4 c5
6.Nd4b3 Bf8e7
7.Nb1c3 h6
8.Bc1f4 Qd8b6
9.Nc3d5 Qb6a6
10.Nd5c7 { resign }
1-0

[Event "Tourn. n9598"]
[Site "www.chess-mail.com"]
[Date "2017.11.15"]
[Round "1"]
[White "Malbertan"]
[Black "Claymil"]
[WhiteElo "1910"]
[BlackElo "2080"]
[Result "0-1"]
[Round "1"]
1.e4 c5
2.Ng1f3 Nb8c6
3.d4 cxd4
4.Nf3xd4 g6
5.Nb1c3 Bf8g7
6.Bc1e3 a6
7.Qd1d2 d6
8.O-O-O Ng8f6
9.Nd4xc6 bxc6
10.e5 Nf6d7
11.exd6 e6
12.Be3g5 f6
13.Bg5h6 O-O
14.h4 Qd8b6
15.h5 g5
16.Bh6xg7 Kxg7
17.f4 g4
18.f5 exf5
19.Qd2f4 Nd7e5
20.d7 Bc8xd7
21.Rd1xd7 Ne5xd7
22.Qf4xf5 Qb6e3
23.Kb1 Qe3e1
{ resign }
0-1

[Event "Tourn. n9569"]
[Site "www.chess-mail.com"]
[Date "2017.11.15"]
[Round "1"]
[White "Tonino1"]
[Black "Tartan"]
[WhiteElo "2310"]
[BlackElo "2500"]
[Result "0-1"]
[Round "1"]
1.d4 Ng8f6
2.f4 g6
3.e3 Bf8g7
4.Bf1d3 c5
5.c3 b6
6.Ng1f3 Bc8b7
7.O-O O-O
8.Nb1d2 d5
9.Nf3e5 Nb8d7
10.Qd1f3 Qd8c7
11.b3 cxd4
12.cxd4 Qc7c3
13.Bc1a3 Qc3xd2
 { time }
0-1

[Event "Tourn. n9572"]
[Site "www.chess-mail.com"]
[Date "2017.11.15"]
[Round "1"]
[White "Tonino1"]
[Black "Coolant"]
[WhiteElo "2340"]
[BlackElo "2330"]
[Result "0-1"]
[Round "1"]
1.d4 Ng8f6
2.f4 d5
3.e3 Bc8f5
4.Bf1d3 Qd8d7
5.Ng1f3 Nb8c6
6.Nf3e5 Nc6xe5
7.fxe5 Nf6e4
8.O-O e6
9.c3 O-O-O
10.Qd1e2 c5
11.Nb1d2 Ne4xd2
12.Bc1xd2 c4
13.Bd3xf5 exf5
14.b3 b5
15.bxc4 bxc4
16.a4 Bf8e7
17.Rf1b1 Kc7
18.a5 Rd8b8
19.Qe2d1 Rb8xb1
20.Qd1xb1 Rh8b8
21.Qb1a2 Qd7b5
22.a6 Qb5b3
23.Qa2a5 Kc6
24.Bd2e1 Rb8b5
25.Qa5a4 Qb3xa4
26.Ra1xa4 Kb6
27.h3 Rb5a5
 { time }
0-1

[Event "Match"]
[Site "www.echecsemail.com"]
[Date "2017.11.15"]
[Round "1"]
[White "Pellix84"]
[Black "Et1"]
[WhiteElo "2070"]
[BlackElo "1809"]
[Result "1-0"]
[Round "1"]
1.d4 Ng8f6
2.c4 b6
3.Ng1f3 Bc8b7
4.e3 e6
5.Bf1e2 d6
6.Nb1c3 g6
7.O-O Bf8g7
8.b3 Nb8d7
9.Bc1b2 O-O
10.Rf1e1 Nf6e4
11.Nc3xe4 Bb7xe4
12.Nf3d2 Be4b7
13.e4 Nd7f6
14.e5 dxe5
15.dxe5 Nf6d7
16.Nd2f3 Ra8c8
17.Qd1d3 Qd8e7
18.Ra1d1  { time }
1-0

[Event "Match"]
[Site "www.echecsemail.com"]
[Date "2017.11.15"]
[Round "1"]
[White "Gidi5"]
[Black "Tonino1"]
[WhiteElo "1499"]
[BlackElo "2330"]
[Result "1-0"]
[Round "1"]
1.e4 d6
2.d4 Ng8f6
3.Nb1c3 g6
4.f3 Bf8g7
5.Bc1e3 O-O
6.Ng1e2 e5
7.d5 b6
8.Ne2g3 Bc8a6
9.Bf1xa6 Nb8xa6
10.Qd1d2 Rf8e8
11.O-O-O Na6c5
12.h4 h5
13.Be3h6 Bg7h8
14.Bh6g5 Qd8d7
15.Rd1f1 b5
16.a3 a5
17.Bg5xf6 Bh8xf6
18.Nc3b1 Re8b8
19.Kd1 b4
20.Qd2c1 b3
21.c4 Qd7e7
22.Qc1h6 Qe7f8
23.Qh6xf8 Rb8xf8
24.Kd2 Bf6g7
25.Nb1c3 Bg7h6
26.Ke2 Bh6f4
27.Rh1h3 Kh7
28.Ng3h1 f5
29.Nh1f2 Bf4h6
30.Nc3b5 Rf8c8
31.exf5 gxf5
32.Nf2d1 Ra8a6
33.Nd1e3 f4
34.Ne3f5 Bh6f8
35.g4 Nc5b7
36.Rf1g1 c6
37.Nb5c3 cxd5
38.cxd5 a4
39.Kd3 Nb7c5
40.Kd2 Rc8e8
41.Nc3e4 Nc5xe4
42.fxe4 hxg4
43.Rg1xg4 Re8c8
44.Rh3c3 Ra6a8
45.h5 Rc8xc3
46.Kxc3 Ra8c8
47.Kb4 Rc8c2
48.Kxa4 Rc2xb2
49.Rg4g1 Rb2e2
50.Kxb3 f3
51.Rg1f1 f2
52.a4 Bf8h6
53.a5 Re2e1
54.Rf1xf2 Re1a1
55.Nf5xh6 Kxh6
56.Rf2f6 Kxh5
57.Rf6xd6 Ra1xa5
58.Rd6e6 Kg5
59.Re6xe5 Kf6
60.Re5e6 Kf7
61.Kb4 Ra5a1
62.Kc5 Ra1c1
63.Kd6 Rc1a1
64.Re6e7 Kf8
65.Ke6 Ra1e1
66.Kd7 Re1a1
67.d6  { time }
1-0

[Event "Match"]
[Site "www.echecsemail.com"]
[Date "2017.11.15"]
[Round "1"]
[White "Begory"]
[Black "Mystakerchon"]
[WhiteElo "1550"]
[BlackElo "1399"]
[Result "0-1"]
[Round "1"]
1.d4 d5
2.Bc1f4 Nb8c6
3.Nb1c3 Bc8e6
4.Nc3b5 Ra8c8
5.e3 a6
6.Nb5c3 g6
7.e4 dxe4
8.Nc3xe4 Nc6xd4
9.Bf4e5 f6
10.Be5xd4 Be6d5
11.Ne4c3 Bd5e6
12.Bf1d3 c6
13.Bd4e3 Be6d5
14.Bd3e4 e6
15.Be4xd5 cxd5
16.Nc3e2 Ng8e7
17.Ng1f3 g5
18.O-O Bf8g7
19.Ne2c3 Ne7f5
20.Nf3d4 Nf5xd4
21.Be3xd4 e5
22.Bd4a7 d4
23.Nc3e2 O-O
24.Qd1d3 Rf8f7
25.c3 Rf7d7
26.Rf1e1 dxc3
27.Ne2xc3 Rd7xd3
28.Ba7e3 b5
29.a3 Bg7f8
30.Nc3e4 b4
31.axb4 Bf8xb4
32.Re1f1 f5
{ resign }
0-1

[Event "Match"]
[Site "www.echecsemail.com"]
[Date "2017.11.15"]
[Round "1"]
[White "Asoka"]
[Black "Leonger"]
[WhiteElo "2710"]
[BlackElo "2210"]
[Result "1-0"]
[Round "1"]
1.c4 e5
2.e3 Nb8c6
3.Nb1c3 Ng8f6
4.Ng1f3 Bf8b4
5.d3 d5
6.cxd5 Nf6xd5
7.Qd1c2 O-O
8.a3 Bb4e7
9.Bf1e2 Nd5xc3
10.bxc3 Bc8e6
11.O-O f5
12.Bc1b2 Qd8d6
13.Rf1d1 Ra8d8
14.Ra1c1 b5
15.c4 bxc4
16.dxc4 Qd6c5
17.Nf3xe5 Nc6xe5
18.Bb2d4 Qc5xa3
19.Bd4xe5 Rd8xd1
20.Rc1xd1  { time }
1-0

[Event "Match"]
[Site "www.echecsemail.com"]
[Date "2017.11.15"]
[Round "1"]
[White "Dussek"]
[Black "Mystakerchon"]
[WhiteElo "1830"]
[BlackElo "1399"]
[Result "1-0"]
[Round "1"]
1.e4 c5
2.c3 Nb8c6
3.d4 cxd4
4.cxd4 e6
5.Ng1f3 d5
6.e5 f6
7.Bf1b5 Bc8d7
8.Nb1c3 a6
9.Bb5a4 b5
10.Ba4c2 Bf8b4
11.O-O Bb4xc3
12.bxc3 Ng8e7
13.exf6 gxf6
14.Bc1h6 Ne7f5
15.Bc2xf5 exf5
16.Rf1e1 Nc6e7
17.Nf3h4 Rh8g8
18.Qd1h5 Rg8g6
19.Nh4xg6 { resign }
1-0

[Event "Match"]
[Site "www.echecsemail.com"]
[Date "2017.11.15"]
[Round "1"]
[White "Joaodelisboa"]
[Black "Luke1302"]
[WhiteElo "1599"]
[BlackElo "1310"]
[Result "1-0"]
[Round "1"]
1.e4 e5
2.Ng1f3 Qd8e7
3.Bf1c4 Ng8h6
4.d3 Nh6g4
5.Nf3g5 Ng4h6
6.Nb1c3 Nb8c6
7.Nc3b5 Qe7b4
8.Bc1d2 Qb4a4
9.b3 Qa4a6
10.Nb5xc7 Kd8
11.Nc7xa6 bxa6
12.Ng5xf7 Nh6xf7
13.Bc4xf7 Bf8a3
14.O-O Ba3b2
15.Ra1b1 Rh8f8
16.Bf7d5 Nc6d4
17.Bd5xa8 Rf8f6
18.Rb1xb2 a5
19.Bd2g5 Nd4f3
20.gxf3 Ke7
21.Bg5xf6 gxf6
22.d4 Bc8a6
23.Rf1e1 d5
24.dxe5 d4
25.exf6 Kxf6
26.Qd1xd4 Ke6
27.Qd4d5 Kf6
28.Qd5d6 Kg5
29.Qd6xa6 h5
30.Qa6xa5 Kf6
31.c4 { resign }
1-0

[Event "Match"]
[Site "www.echecsemail.com"]
[Date "2017.11.15"]
[Round "1"]
[White "Aiko1603"]
[Black "Lcbunghai"]
[WhiteElo "1990"]
[BlackElo "1799"]
[Result "1/2-1/2"]
[Round "1"]
1.c4 e5
2.Nb1c3 Ng8f6
3.g3 c6
4.Bf1g2 d5
5.cxd5 cxd5
6.e3 Bf8e7
7.Ng1f3 Nb8c6
8.d3 O-O
9.O-O a6
10.a3 Bc8e6
11.Nf3g5 Qd8d7
12.Ng5xe6 Qd7xe6
13.Qd1b3 Rf8d8
14.Qb3c2 d4
15.Nc3e4 Nf6xe4
16.Bg2xe4 f5
17.Be4xc6 bxc6
18.e4 fxe4
19.dxe4 c5
20.b4 cxb4
21.axb4 Be7xb4
22.Qc2d3 a5
23.Bc1a3 Bb4xa3
24.Ra1xa3 Qe6d6
25.Rf1a1 Qd6c5
26.Qd3d2 Rd8c8
27.Ra3xa5 Ra8xa5
28.Ra1xa5 Qc5c1
29.Qd2xc1 Rc8xc1
30.Kg2 d3
31.Ra5d5 Rc1c4
32.Rd5xd3 Rc4xe4
33.Rd3e3 Re4xe3
34.fxe3 Kf7
35.Kf3 h5
36.h4 Kf6
37.g4 hxg4
38.Kxg4 Kg6
39.e4 Kh6
40.Kf5 Kh5
41.Kxe5 Kxh4
42.Kf5 g5
43.e5 g4
44.e6 g3
45.e7 g2
46.e8Q g1Q
47.Qe8e4 { draw }
1/2-1/2

[Event "Match"]
[Site "www.echecsemail.com"]
[Date "2017.11.15"]
[Round "1"]
[White "Tonino1"]
[Black "Pellix84"]
[WhiteElo "2170"]
[BlackElo "2090"]
[Result "0-1"]
[Round "1"]
1.d4 Ng8f6
2.f4 g6
3.e3 Bf8g7
4.Bf1d3 O-O
5.Ng1f3 d6
6.O-O Nb8c6
7.c3 a6
8.Nb1d2 b5
9.e4 e6
10.Qd1e2 Rf8e8
11.e5 Nf6d5
12.g3 Bc8b7
13.Nd2e4 Nc6a5
14.Nf3d2 Nd5b6
15.b3 Na5c6
16.Bc1b2 b4
17.c4 a5
18.Nd2f3 Nc6e7
19.g4 Bb7xe4
20.Bd3xe4 d5
21.Be4d3 dxc4
22.Bd3xc4 Ne7d5
23.Qe2d2 Qd8e7
24.Ra1c1 a4
25.Bc4b5 Re8c8
26.Rc1c5 axb3
27.axb3 Nb6d7
28.Bb5xd7 Qe7xd7
29.Rf1c1 Bg7f8
30.Rc5c6 Ra8a2
31.Rc6c2 Qd7b5
32.Nf3e1 Kg7
33.Ne1d3 c5
34.dxc5 Bf8xc5
35.Nd3xc5 Ra2xb2
36.Nc5xe6 fxe6
37.Rc2xb2 Nd5c3
38.Rc1e1 Rc8c7
39.Qd2d6 Qb5c5
40.Qd6xc5 Rc7xc5
41.Re1a1 Nc3b5
42.Ra1a4 g5
43.fxg5 Rc5xe5
44.Ra4xb4 Nb5d6
45.Rb2d2 Nd6e4
46.h4 Ne4xd2
 { time }
0-1

[Event "Match"]
[Site "www.echecsemail.com"]
[Date "2017.11.15"]
[Round "1"]
[White "Tonino1"]
[Black "Hundegana"]
[WhiteElo "2170"]
[BlackElo "2020"]
[Result "0-1"]
[Round "1"]
1.d4 f5
2.f4 e6
3.e3 Qd8f6
4.Bf1d3 g6
5.Ng1f3 h6
6.O-O d6
7.b3 Bf8g7
8.Bc1b2 Ng8e7
9.Nb1d2 Ne7d5
10.Qd1e2 a6
11.a3 Nb8d7
12.c4 Nd5e7
13.Ra1b1 d5
14.Nf3e5 c6
15.a4 Nd7xe5
16.fxe5 Qf6f7
17.Bb2a3 O-O
18.Ba3xe7 Qf7xe7
19.c5 Bc8d7
20.b4 Kh7
21.Rf1f3 Bd7e8
22.b5 axb5
23.axb5 Be8f7
24.b6 g5
25.g4 Bf7g6
26.gxf5 exf5
27.Rb1f1 Ra8a2
28.Bd3xf5 Bg6xf5
29.Rf3xf5 Rf8xf5
 { time }
0-1

[Event "Match"]
[Site "www.echecsemail.com"]
[Date "2017.11.15"]
[Round "1"]
[White "Pinehill"]
[Black "Tonino1"]
[WhiteElo "2100"]
[BlackElo "2170"]
[Result "1-0"]
[Round "1"]
1.e4 d6
2.d4 Ng8f6
3.Bf1d3 g6
4.Ng1f3 Bf8g7
5.O-O O-O
6.c3 c6
7.Bc1f4 Nf6h5
8.Bf4e3 e5
9.Bd3c4 Nh5f4
10.Nb1d2 b5
11.Bc4e2 Nf4xe2
12.Qd1xe2 Nb8d7
13.Rf1e1 Qd8c7
14.Nd2b3 a6
15.Ra1c1 a5
16.d5 a4
17.Nb3d2 c5
18.Qe2xb5 Bc8a6
19.Qb5c6 Qc7xc6
20.dxc6 Nd7b6
21.Nd2f1 Nb6c4
22.b3 Nc4xe3
23.Nf1xe3 Ba6d3
24.Ne3d5 axb3
25.axb3 Bd3a6
26.b4 Rf8e8
27.Nd5c7 Re8c8
28.Nc7xa6 Ra8xa6
29.b5 Ra6a5
30.c4 Bg7f6
31.Rc1b1 Bf6d8
32.Nf3d2 Ra5a2
33.Nd2b3 Ra2c2
34.Re1c1 Rc2xc1
35.Rb1xc1 Rc8a8
36.Rc1a1 Ra8xa1
37.Nb3xa1 Bd8b6
38.Na1c2 Kf8
39.Nc2e1 f5
40.f3 Ke7
41.Ne1d3 Kd8
42.Nd3b2 Kc7
43.Nb2a4 Bb6a5
44.Kf2 f4
45.g3 h6
46.gxf4 exf4
47.h4 Ba5d2
48.Na4b2 Bd2c3
49.Nb2d3 g5
50.hxg5 hxg5
51.Kg2 Bc3f6
52.Kh3 Kb6
53.Kg4 Bf6e7
54.Nd3xf4 gxf4
55.Kxf4 Kc7
56.Kf5 Be7h4
57.Kg4 Bh4f2
58.f4 Bf2d4
59.f5 Bd4f6
60.Kh5  { time }
1-0

[Event "Match"]
[Site "www.echecsemail.com"]
[Date "2017.11.15"]
[Round "1"]
[White "Joaodelisboa"]
[Black "Jopesilo"]
[WhiteElo "1899"]
[BlackElo "1499"]
[Result "0-1"]
[Round "1"]
1.e4 c5
2.Ng1f3 Nb8c6
3.d4 cxd4
4.Nf3xd4 Ng8f6
5.Nb1c3 e5
6.Nd4f5 d5
7.exd5 Bc8xf5
8.dxc6 bxc6
9.Qd1f3 Qd8d7
10.Bf1c4 Bf8e7
11.O-O e4
12.Qf3g3 O-O
13.Bc1g5 Bf5g6
14.Ra1d1 Qd7b7
15.b3 Nf6h5
16.Qg3g4 Be7xg5
17.Qg4xg5 Nh5f6
18.Rf1e1 Rf8e8
19.Nc3a4 Nf6d7
20.h4 Nd7f6
21.g4 e3
22.fxe3 Bg6xc2
23.Rd1d2 Nf6e4
24.Na4c5 Ne4xg5
{ resign }
0-1

[Event "1/32 Finale"]
[Site "www.chess-mail.com"]
[Date "2017.11.15"]
[Round "1"]
[White "Passaroa25"]
[Black "Guidom"]
[WhiteElo "1680"]
[BlackElo "2160"]
[Result "0-1"]
[Round "1"]
1.c3 d5
2.e3 e5
3.Qd1h5 Qd8f6
4.Qh5e2 Nb8c6
5.Ng1f3 e4
6.Nf3d4 Nc6xd4
7.cxd4 c6
8.f4 exf3
9.Qe2xf3 Qf6xf3
10.gxf3 Bc8f5
11.Nb1c3 Ng8f6
12.Bf1e2 Bf8b4
13.O-O O-O
14.Nc3a4 Rf8e8
15.Na4c5 Bb4xc5
16.dxc5 Nf6d7
17.b4 a5
18.Bc1a3 h6
19.d4 Re8xe3
20.bxa5 Re3xe2
21.Ba3b4 Ra8e8
22.Ra1e1 Re2xe1
23.Bb4xe1 Bf5d3
24.Rf1f2 Re8xe1
25.Kg2 Nd7f6
26.Kg3 g5
27.h4 Kg7
28.hxg5 hxg5
29.Rf2d2 Bd3c4
30.a4 Re1b1
31.Rd2g2 Kg6
32.Rg2f2 Rb1b3
33.Rf2g2 Nf6h5
{ resign }
0-1

[Event "1/128 Finale"]
[Site "www.chess-mail.com"]
[Date "2017.11.15"]
[Round "1"]
[White "Mitja"]
[Black "Guidom"]
[WhiteElo "1950"]
[BlackElo "2140"]
[Result "0-1"]
[Round "1"]
1.d4 d5
2.e3 c6
3.c3 Ng8f6
4.h3 e6
5.b3 Bf8e7
6.Bc1b2 O-O
7.Bf1e2 Nb8d7
8.Ng1f3 Qd8c7
9.Be2d3 e5
10.dxe5 Nd7xe5
11.Nf3xe5 Qc7xe5
12.Nb1d2 h6
13.Nd2f3 Qe5c7
14.Bd3c2 Rf8d8
15.Qd1e2 Bc8e6
16.Nf3d4 Be7c5
17.Nd4xe6 fxe6
18.O-O Rd8f8
19.b4 Bc5b6
20.a4 Qc7d6
21.a5 Bb6c7
22.g3 e5
23.e4 Qd6e6
24.Kg2 Ra8e8
25.exd5 cxd5
26.Qe2d1 Kh8
27.Bc2a4 Re8d8
28.Ba4b3 Qe6c6
29.Kg1 e4
30.Bb3a4 Qc6e6
31.Kg2 Qe6f5
32.Qd1d4 b6
33.axb6 Bc7xb6
34.Qd4d2 Qf5f3
35.Kg1 Qf3xg3
36.Kh1 Qg3xh3
37.Kg1 Nf6g4
{ resign }
0-1

[Event "Tourn. n9564"]
[Site "www.chess-mail.com"]
[Date "2017.11.16"]
[Round "1"]
[White "Norlavuaram"]
[Black "Tonino1"]
[WhiteElo "2130"]
[BlackElo "2210"]
[Result "1-0"]
[Round "1"]
1.e4 d6
2.Qd1e2 Ng8f6
3.h3 g6
4.d3 Bf8g7
5.Ng1f3 O-O
6.g3 c6
7.Bf1g2 Qd8c7
8.O-O h6
9.Nb1d2 Bc8e6
10.Rf1d1 a5
11.c3 Nb8a6
12.g4 Nf6h7
13.Nd2f1 b5
14.Nf1g3 Ra8c8
15.d4 Be6c4
16.Qe2c2 b4
17.g5 Bc4e6
18.Qc2e2 Qc7b6
19.gxh6 Bg7h8
20.Nf3g5  { time }
1-0

[Event "Tourn. n9553"]
[Site "www.chess-mail.com"]
[Date "2017.11.16"]
[Round "1"]
[White "Julian"]
[Black "Redemption"]
[WhiteElo "1430"]
[BlackElo "1369"]
[Result "1-0"]
[Round "1"]
1.d4 b6
2.e4 Bc8b7
3.Bf1d3 g6
4.Ng1f3 Bf8g7
5.O-O c6
6.Rf1e1 h5
7.Bc1e3 e6
8.c4 c5
9.Nb1c3 Bg7f8
10.d5 Bf8d6
11.e5 Bd6e7
12.Qd1c2 exd5
13.cxd5  { time }
1-0

[Event "Tourn. n9592"]
[Site "www.chess-mail.com"]
[Date "2017.11.16"]
[Round "1"]
[White "Sbb"]
[Black "Apdash"]
[WhiteElo "2540"]
[BlackElo "2230"]
[Result "1-0"]
[Round "1"]
1.d4 d5
2.c4 Ng8f6
3.cxd5 Nf6xd5
4.Ng1f3 e6
5.e4 Nd5f6
6.Nb1c3 Bf8e7
7.Bf1d3 c6
8.O-O O-O
9.Qd1c2 g6
10.Rf1d1 Kg7
11.Bc1f4 Nb8d7
12.Qc2d2 Nf6g8
13.a3 h6
14.Ra1c1 b6
15.d5 exd5
16.exd5 cxd5
17.Nc3xd5 a5
18.Bf4c7 Qd8e8
19.Bd3b5 Be7f6
20.Rd1e1 Ng8e7
21.Nd5xf6 Kxf6
22.Qd2d4 { resign }
1-0

[Event "Tourn. n9575"]
[Site "www.chess-mail.com"]
[Date "2017.11.16"]
[Round "1"]
[White "Ffdd65"]
[Black "Fantomas"]
[WhiteElo "2170"]
[BlackElo "2190"]
[Result "1-0"]
[Round "1"]
1.e4 d5
2.e5 Bc8f5
3.d4 e6
4.Bf1d3 Bf5xd3
5.Qd1xd3 c6
6.Ng1f3 h6
7.O-O Ng8e7
8.Nb1c3 Nb8d7
9.h3 Ne7g6
10.Nc3e2 Bf8e7
11.Bc1d2 O-O
12.Ne2g3 c5
13.c3 c4
14.Qd3e3 Ng6h4
15.Nf3xh4 Be7xh4
16.Ng3h5 Bh4g5
17.f4 Bg5e7
18.f5 Be7g5
19.Qe3g3 g6
20.Bd2xg5 hxg5
21.f6 Kh7
22.Qg3xg5 Rf8h8
23.Rf1f4 Kg8
24.Rf4h4 Nd7f8
25.Ra1f1 Nf8h7
26.Qg5h6 Qd8f8
27.Nh5g7 b5
28.Rf1f4 Ra8b8
29.Rf4g4 Rb8b6
30.Qh6f4 Rb6b7
31.Rh4h6 a5
32.Ng7xe6 { resign }
1-0

[Event "Tourn. n9575"]
[Site "www.chess-mail.com"]
[Date "2017.11.16"]
[Round "1"]
[White "Luban"]
[Black "Scasan55"]
[WhiteElo "2130"]
[BlackElo "2060"]
[Result "1-0"]
[Round "1"]
1.d4 e6
2.c4 d5
3.e3 c5
4.Ng1f3 Nb8c6
5.Nb1c3 cxd4
6.exd4 Ng8f6
7.h3 Bf8b4
8.Qd1c2 Nf6e4
9.Bc1d2 O-O
10.Nc3xe4 dxe4
11.Qc2xe4 Bb4xd2
12.Kxd2 Qd8a5
13.Ke3 Qa5b6
14.b3 Qb6b4
15.Bf1e2 a5
16.Rh1d1 a4
17.Qe4d3 axb3
18.Qd3xb3 Qb4xb3
19.axb3 Ra8xa1
{ time. }
1-0

[Event "Tourn. n9554"]
[Site "www.chess-mail.com"]
[Date "2017.11.16"]
[Round "1"]
[White "Redapond1"]
[Black "Pachi"]
[WhiteElo "1640"]
[BlackElo "1640"]
[Result "1-0"]
[Round "1"]
1.d4 d5
2.Bc1f4 Nb8c6
3.Nb1c3 f6
4.Nc3b5 e5
5.dxe5 g5
6.Bf4g3 fxe5
7.Ng1f3 Qd8f6
8.Nb5xc7 Kf7
9.Nc7xa8 e4
10.Qd1xd5 Kg7
11.Qd5xg5 Kf7
12.Qg5xf6 Ng8xf6
13.Nf3e5 Ke7
14.Na8c7 Nc6d4
15.O-O-O Nd4c6
16.Ne5xc6 Kf7
17.e3 Bc8g4
18.Nc6e5 Kg7
19.Ne5xg4 Nf6xg4
20.h3 Ng4f6
21.Bg3e5 Bf8c5
22.Nc7e6 Kf7
23.Ne6d8 Kg6
24.Be5xf6 Kxf6
25.Nd8xb7 { resign }
1-0

[Event "Tourn. n9608"]
[Site "www.chess-mail.com"]
[Date "2017.11.16"]
[Round "1"]
[White "Bojan"]
[Black "Ssharp"]
[WhiteElo "2030"]
[BlackElo "2240"]
[Result "0-1"]
[Round "1"]
1.d4 d5
2.Nb1c3 e6
3.a3 c5
4.Ng1f3 cxd4
5.Nf3xd4 Ng8f6
6.e3 Bf8e7
7.Nc3a2 O-O
8.c3 e5
9.Nd4e2 Nb8c6
10.Ne2g3 Bc8g4
11.Bf1e2 Bg4e6
12.f3 Qd8b6
13.Qd1c2 Ra8c8
14.Bc1d2 d4
15.e4 Rf8d8
16.c4 Nc6a5
17.Bd2xa5 Qb6xa5
18.Kd1 d3
19.Be2xd3 Be6xc4
20.Na2b4 Be7xb4
{ resign }
0-1

[Event "Tourn. n9560"]
[Site "www.chess-mail.com"]
[Date "2017.11.16"]
[Round "1"]
[White "Bojan"]
[Black "Francesco"]
[WhiteElo "2030"]
[BlackElo "2140"]
[Result "1-0"]
[Round "1"]
1.e4 c6
2.d4 d5
3.e5 Bc8f5
4.h3 e6
5.Ng1f3 c5
6.Bf1b5 Nb8c6
7.c3 a6
8.Bb5a4 b5
9.Ba4c2 Bf5xc2
10.Qd1xc2 Ng8e7
11.a3 Ne7g6
12.Bc1e3 c4
13.Nb1d2 a5
14.Nf3h2 b4
15.Qc2a4 Qd8c8
16.axb4 Bf8e7
17.b5 Nc6d8
18.b6 Qc8c6
19.b3 cxb3
20.Qa4xc6 Nd8xc6
21.Nd2xb3 O-O
22.Nh2f3 Rf8b8
23.O-O Rb8xb6
24.Nf3d2 Ng6h4
25.g4 Nh4f3
26.Kg2 Nf3xd2
27.Nb3xd2 Rb6b2
28.Rf1d1 a4
29.c4 dxc4
30.Nd2xc4 Rb2b4
31.Nc4a3 Be7d8
32.Ra1a2 Bd8b6
33.Na3c2 Rb4c4
34.Kf3 Ra8d8
35.Ke4 f6
36.f4 Rd8f8
37.Kd3 Nc6a5
38.Nc2a3 Rc4b4
39.Na3c2 Rb4b3
40.Ke4 Na5c4
41.Ra2xa4 Nc4xe3
42.Nc2xe3 fxe5
43.fxe5 g5
44.Ne3g2 Rb3xh3
45.Rd1d3 Rh3h2
46.Ra4a2 Rf8f4
47.Ng2xf4 Rh2xa2
48.Nf4xe6 h6
49.d5 Ra2a4
50.Kf5 Ra4a1
51.Kg6 Ra1g1
52.Rd3c3 { resign }
1-0

[Event "Tourn. n9598"]
[Site "www.chess-mail.com"]
[Date "2017.11.16"]
[Round "1"]
[White "Claymil"]
[Black "Joaodelisboa"]
[WhiteElo "2080"]
[BlackElo "2019"]
[Result "0-1"]
[Round "1"]
1.c4 Ng8f6
2.Nb1c3 e5
3.g3 c6
4.e3 d5
5.cxd5 cxd5
6.d4 e4
7.h3 a6
8.Bf1g2 Bf8b4
9.Ng1e2 O-O
10.O-O b5
11.a3 Bb4d6
12.b3 Bc8e6
13.Bc1b2 Qd8d7
14.Kh2 Nb8c6
15.Ra1c1 Rf8c8
16.Ne2f4 b4
17.axb4 Nc6xb4
18.f3 Bd6xf4
19.exf4 Nb4d3
20.Qd1d2 Nd3xc1
21.Rf1xc1 exf3
22.Bg2f1 Be6f5
23.g4 Bf5e4
24.Kg3 Qd7d6
25.Qd2e3 g5
26.Nc3xe4 gxf4
27.Qe3xf4 Qd6xf4
28.Kxf4 dxe4
29.Kf5 Rc8xc1
30.Bb2xc1 Ra8c8
31.Bf1c4 Rc8xc4
32.Bc1e3 Rc4c3
33.Be3f2 e3
{ resign }
0-1

[Event "Tourn. n9618"]
[Site "www.chess-mail.com"]
[Date "2017.11.16"]
[Round "1"]
[White "Fantomas"]
[Black "Joaodelisboa"]
[WhiteElo "2130"]
[BlackElo "2130"]
[Result "1/2-1/2"]
[Round "1"]
1.Ng1f3 Nb8c6
2.g3 d5
3.Bf1g2 Ng8f6
4.O-O e5
5.d3 Bf8e7
6.b3 O-O
7.Bc1b2 Be7d6
8.Nb1d2 Ra8b8
9.c4 Bc8e6
10.Nf3g5 Qd8d7
11.Ng5xe6 Qd7xe6
12.cxd5 Nf6xd5
13.Nd2e4 Bd6e7
14.Ne4c3 Nd5xc3
15.Bb2xc3 Be7f6
16.Qd1d2 Rf8d8
17.Qd2b2 Nc6d4
18.Bc3xd4 exd4
19.Ra1c1 c6
{ draw }
1/2-1/2

[Event "Tourn. n9581"]
[Site "www.chess-mail.com"]
[Date "2017.11.16"]
[Round "1"]
[White "Vios"]
[Black "Apdash"]
[WhiteElo "2120"]
[BlackElo "2240"]
[Result "1-0"]
[Round "1"]
1.e4 e5
2.f4 exf4
3.Ng1f3 d5
4.exd5 Qd8xd5
5.d4 Bf8d6
6.Nb1c3 Qd5e6
7.Bf1e2 Ng8f6
8.O-O O-O
9.Qd1d3 h6
10.Rf1e1 Qe6f5
11.Nc3b5 Qf5xd3
12.Be2xd3 g5
13.h4 gxh4
14.Nb5xd6 cxd6
15.Bc1xf4 d5
16.Bf4xh6 Rf8e8
17.Re1xe8 Nf6xe8
18.Ra1e1 Bc8e6
19.Nf3g5 Ne8c7
20.Re1f1 Nc7e8
21.Ng5xe6 Nb8d7
22.Ne6g5 f6
23.Ng5f3 h3
24.gxh3 Kf7
25.Nf3e5 Ke7
26.Ne5xd7 Kxd7
27.Bd3b5 Kd8
28.Bb5xe8 Kxe8
29.Rf1xf6 Kd7
30.Rf6f8 Ra8xf8
31.Bh6xf8 Ke6
32.Kf2 Kf5
33.Kf3 a5
34.h4 a4
35.a3 b5
36.c3 Kg6
37.Kg4 Kf7
38.Bf8d6 Kg6
39.h5 Kh6
40.Bd6f4 Kh7
41.Kg5 Kh8
42.Kg6 Kg8
43.h6 b4
44.axb4 Kh8
45.Bf4e5 Kg8
46.h7 Kf8
47.h8Q Ke7
48.Qh8f6 { resign }
1-0

[Event "Tourn. n9591"]
[Site "www.chess-mail.com"]
[Date "2017.11.16"]
[Round "1"]
[White "Luban"]
[Black "Andychesston"]
[WhiteElo "2070"]
[BlackElo "2070"]
[Result "1-0"]
[Round "1"]
1.d4 d5
2.Ng1f3 Ng8f6
3.h3 e6
4.a3 c5
5.c4 Nb8c6
6.e3 cxd4
7.exd4 dxc4
8.Bf1xc4 Bf8e7
9.Bc1e3 O-O
10.O-O Bc8d7
11.Nb1c3 Ra8c8
12.Bc4d3  { time }
1-0

[Event "Tourn. n9471"]
[Site "www.chess-mail.com"]
[Date "2017.11.16"]
[Round "1"]
[White "Seger"]
[Black "Tartan"]
[WhiteElo "2680"]
[BlackElo "2440"]
[Result "1-0"]
[Round "1"]
1.d4 Ng8f6
2.c4 e6
3.g3 d5
4.Bf1g2 Bf8e7
5.Ng1f3 O-O
6.O-O Nb8d7
7.Qd1c2 c6
8.b3 b6
9.Nb1d2 Bc8b7
10.e4 Ra8c8
11.Bc1b2 dxe4
12.Nd2xe4 c5
13.Ne4xf6 Be7xf6
14.Nf3g5 Bf6xg5
15.Bg2xb7 Rc8c7
16.Bb7e4 f5
17.Be4g2 cxd4
18.Bb2xd4 Bg5f6
19.Ra1d1 Qd8e7
20.Bd4e3 Nd7e5
21.Be3f4 Rc7d7
22.Rd1xd7 Ne5xd7
23.Rf1e1 Nd7c5
24.b4 Nc5e4
25.Bg2xe4 fxe4
26.a3 g5
27.Bf4e3 Qe7b7
28.Re1d1 Rf8c8
29.Qc2e2 h6
30.Qe2g4 Rc8xc4
31.Qg4xe6 Qb7f7
32.Qe6h3 Bf6g7
33.Rd1d7 Qf7f6
34.Rd7xa7 { resign }
1-0

[Event "Tourn. n9592"]
[Site "www.chess-mail.com"]
[Date "2017.11.16"]
[Round "1"]
[White "Coolant"]
[Black "Rons"]
[WhiteElo "2350"]
[BlackElo "2630"]
[Result "0-1"]
[Round "1"]
1.Nb1c3 c5
2.e4 Nb8c6
3.f4 g6
4.Ng1f3 Bf8g7
5.g4 d6
6.h3 e6
7.Bf1g2 Ng8e7
8.d3 Qd8a5
9.Bc1d2 Qa5b6
10.Nc3a4 Qb6c7
11.c4 O-O
12.O-O Bc8d7
13.Bd2c3 f6
14.b3 Bg7h6
15.g5 fxg5
16.fxg5 Bh6g7
17.Bc3xg7 Kxg7
18.Na4c3 Nc6d4
19.Nf3xd4 cxd4
20.Nc3e2 Rf8xf1
21.Qd1xf1 Ra8f8
22.Qf1e1 e5
23.Qe1d2 Qc7c8
24.Kh2 Rf8f2
25.Kg3 Qc8f8
26.Qd2e1 Rf2xe2
27.Qe1xe2 Qf8f4
{ resign }
0-1